000 00395nam a2200145Ia 4500
008 090124s9999 xx 000 0 und d
082 _b401337
245 _a सिंहाचा वाटा
250 _a1
260 _bगोळे लीला
_c1981
300 _a67
630 _a सिंहाचा वाटा
730 _a सिंहाचा वाटा
942 _cBOOK
999 _c197721
_d197721